| 000 | 00532nam a2200181Ia 4500 | ||
|---|---|---|---|
| 003 | IN-BaIIA | ||
| 008 | 211028s9999 xx 000 0 eng d | ||
| 040 | _cIIA Library | ||
| 080 |
_a621.3.015 _bBEN |
||
| 100 |
_aBenson, F. A. _92654 |
||
| 245 | 0 |
_avoltage stabilizers _cF. A. Benson, |
|
| 260 |
_aLondon _bElectronic Engineering _c1950 |
||
| 300 | _a125p. | ||
| 650 | _aNASA Thesaurus | ||
| 650 |
_avoltage Regulators _92655 |
||
| 650 |
_avoltage Stabilizers _92656 |
||
| 942 | _cBK | ||
| 999 |
_c1277 _d1277 |
||